Statistiques concernant Les pièces de théâtre de Michel Tremblay

Cliquez ici pour prendre le quiz!

Statistiques générales

  • Ce quiz a été pris 16 fois
  • Le résultat moyen est 6 sur 31

Statistiques - réponses

DatePièce% Correct
1968Les Belles-sœurs
85%
1970À toi, pour toujours, ta Marie-Lou
54%
1984Albertine, en cinq temps
46%
1972Demain matin, Montréal m'attend (comédie musicale)
38%
1973Hosanna
38%
1976Sainte Carmen de la Main
38%
1987Le Vrai Monde ?
31%
1990La Maison suspendue
23%
1976Les Héros de mon enfance
23%
1964Le Train
23%
1974Bonjour, là, bonjour
15%
1977Damnée Manon, sacrée Sandra
15%
1973La Duchesse de Langeais
15%
1981Les Anciennes Odeurs
15%
2012L'Oratorio de Noël
15%
1992Marcel poursuivi par les chiens
15%
2006Bonbons assortis
8%
1998Encore une fois, si vous permettez
8%
2017Enfant insignifiant !
8%
2003L'Impératif présent
8%
1980L'Impromptu d'Outremont
8%
1990Nelligan (comédie musicale)
8%
1976Surprise ! Surprise !
8%
1971Trois petits tours
8%
1994En circuit fermé
0%
1970En pièces détachées
0%
2009Fragments de mensonges inutiles
0%
2008Le Paradis à la fin de vos jours
0%
2003Le Passé antérieur
0%
2002L'État des lieux
0%
1996Messe solennelle pour une pleine lune d'été
0%

Distribution des résultats

Percentile par nombre de réponses

% des personnes avec chaque résultat

Votre développement - résultats

Vous n’avez pas pris ce quiz